Представление документа в формате RUSMARC

ПолеНазваниеЗначение
  Тип записи a
  Библиографический уровень a
001 Контрольный номер RU/CBS_UL/BASE/cb7068c704b54035908cd3c6b10d0087
005 Дата корректировки 20240312155328.2
100 Данные общей обработки __
a Данные общей обработки 20240312 ||| 0rusy0189 ca
101 Язык документа 0_
a Язык текста rus
102 Страна публикации __
a Страна публикации RU
200 Заглавие и сведения об ответственности 1_
a Заглавие Чувашские узлы
e Сведения, относящиеся к заглавию [статья]
f Первые сведения об ответственности Л. Петров, О. Васильева
300 Общие примечания __
a Общие примечания 16+
461 Уровень набора _0
1 2000
a Халах Шкуле
463 Уровень физической единицы _0
1 2000
a № 1
v С. 52 : ил.
1 2101
d 2024
1 001RU/CBS_UL/BASE/1111762c07ee4e58b1eefd4dc40c76b6
606 Тематические рубрики 0_
a Основная рубрика Школьный туризм
610 Ключевые слова 0_
a Ключевые слова туризм
610 Ключевые слова 0_
a Ключевые слова школьный туризм
610 Ключевые слова 0_
a Ключевые слова спортивный туризм
610 Ключевые слова 0_
a Ключевые слова морские узлы
610 Ключевые слова 0_
a Ключевые слова живые узлы
686 Индексы других классификаций __
2 Код системы rubbk
a Классификационный индекс 74.200.55
700 Автор _1
a Фамилия Петров
b Имя (инициалы) Л.
701 Альтернативная интеллектуальная ответственность _1
a Фамилия Васильева
b Имя (инициалы) О.
801 Источник записи _0
a Страна RU
b Организация МБУК ЦБС г. Ульяновска
c Дата составления 20240312
g Правила каталогизации RCR
801 Источник записи _1
a Страна RU
b Организация МБУК ЦБС г. Ульяновска
c Дата составления 20240312
g Правила каталогизации RCR
901 Тип документа __
t Тип документа b
w Контрольный № источника RU/CBS_UL/BASE/1111762c07ee4e58b1eefd4dc40c76b6
909 Создатель записи __
a Создатель записи lib17